El Descenso de la mortalidad y la fecundidad y sus efectos sobre el sistema de seguro social
Wedi'i Gadw mewn:
| Prif Awdur: | |
|---|---|
| Fformat: | Texto |
| Cyhoeddwyd: |
San José:
Caja Costarriense de Seguro Social
|
| Tagiau: |
Ychwanegu Tag
Dim Tagiau, Byddwch y cyntaf i dagio'r cofnod hwn!
|
MARC
| LEADER | 00000 a a2200000 04500 | ||
|---|---|---|---|
| 001 | 16825 | ||
| 003 | |||
| 040 | |||
| 090 | |a 004600 | ||
| 100 | |a Carrasco, Armando | ||
| 245 | |a El Descenso de la mortalidad y la fecundidad y sus efectos sobre el sistema de seguro social | ||
| 260 | |a San José: |b Caja Costarriense de Seguro Social | ||
| 300 | |a 3 p. | ||
| 999 | |c 11420 |d 11420 | ||
